Premier League Quiz - Statystyki

Ogólne statystyki
  • Ten quiz został rozwiązany 323 razy
  • Średni wynik to 14 z 25
Statystyki odpowiedzi
Pytanie Premier Leagowiec % Poprawnych
Afrykanin z Liverpoolu Mane | Salah | Keita | Matip | Larouci
87%
Wpisz jednego ze zwycięzców Premier League od sezonu 2010/2011 - 2014/2015 Manchester United | Manchester City | Chelsea
86%
Jedyny klub Premier Leagowy w którym grał Cristiano Ronaldo Manchester United
83%
Trener Manchesteru City lub United Guardiola | Solskjaer
81%
Klub Mateusza Klicha Leeds United
75%
Polak z Brighton & Hove Albion Moder | Karbownik
75%
Wymień choć jeden klub w którym grał N' Golo Kante przed przejściem do Chelsea US Boulogne | SM Caen | Leicester City
68%
Prezes Chelsea Abramowicz
60%
Transfer powyżej 100 Mln do Premier League tego okienka Grealish | Lukaku
57%
Słowak z Premier League Dubravka | Rodak
55%
Przydomek Newcastle United Sroki
54%
Jeden z dwóch beniaminków Premier League w sezonie 2021/2022 Watford | Norwich City
54%
Zawodnik który zdobył najwięcej bramek w całej historii Premier League Shearer
53%
Najlepszy obrońca minionego sezonu w Premier League Dias
51%
Zawodnik którego odrzuciła Chelsea. Obecny wicemistrz Europy grający w West Ham United Rice
51%
Wymień choć jeden klub który spadł z Premier League w sezonie 2020/2021 Fulham | West Bromwich Albion | Sheffield United
50%
Przydomek Brendford United Pszczoły
48%
Transfery Aston Villi tego okienka powyżej 27 Mln Ings | Bailey | Buendia
45%
Zawodnik który z Atletico Madryt przeszedł do Arsenalu Partey
44%
Kapitan Crystal Palace Zaha
44%
Anglik z Wolves Coady | Bennett | Ruddy | Gibbs - White |Sanderson | Kilman | Giles | Ennis
41%
Wymień choć jednego piłkarza który przyszedł do Liverpoolu tego okienka Konate | Grujić | Elliott | Williams | Ojo | Davies | Van Den Berg | Woodburn
40%
Brazylijski Premier Leagowy napastnik za którego PSG złożyło ofertę opiewającą na około 90 Mln Richarlison
40%
Zawodnik który zdobył najwięcej bramek dla Southampton w historii Le Tissier
11%
Sponsor Tottenhamu Hotspur Coca - Cola
0%
Nie znaleziono quizów pasujących do podanych kryteriów
Rozkład punktacji
Procent ludzi z każdym wynikiem
Percentyl według liczby udzielonych odpowiedzi
Twoja historia wyników
Nie rozwiązałeś tego quizu